Geografía universal física, política é histórica: Dedicada al Excmo. Señor Duque de San Carlos
Sábháilte in:
| Príomhchruthaitheoir: | |
|---|---|
| Formáid: | LEABHAR |
| Teanga: | Spáinnis |
| Foilsithe / Cruthaithe: |
Madrid
Imprenta de Don Miguel de Burgos
1827
|
| Eagrán: | 1a. ed |
| Ábhair: | |
| Clibeanna: |
Cuir clib leis
Níl clibeanna ann, Bí ar an gcéad duine le clib a chur leis an taifead seo!
|
MARC
| LEADER | 00000nam a2200000 a 4500 | ||
|---|---|---|---|
| 001 | UCJ4299 | ||
| 003 | CL-VaPUC | ||
| 008 | 070124e18270000SP |||||||||||||||||spa|d | ||
| 082 | 0 | 4 | |a 940 |b TOR |2 21 |
| 100 | 0 | |a Torrente, Mariano |e author |9 507717 | |
| 245 | 1 | 0 | |a Geografía universal física, política é histórica: Dedicada al Excmo. Señor Duque de San Carlos |
| 250 | |a 1a. ed | ||
| 300 | |a 2 v | ||
| 942 | |c BK | ||
| 945 | |d 20070124 00:00:00 |a rinostro | ||
| 260 | |a Madrid |b Imprenta de Don Miguel de Burgos |c 1827 | ||
| 500 | |a En biblioteca, sólo v. 1; planisferio y mapa de la península ibérica; lámina plegada conteniendo un cuadro resumen de las diversas dinastías europeas. No obstante su título, se trata de una obra más rica en Historia que en Geografía | ||
| 500 | |a v.1, Europa | ||
| 650 | 0 | |a Geografía |9 259346 | |
| 650 | 0 | |a Historia |9 255047 | |
| 650 | 0 | |a Cronología |9 268356 | |
| 650 | 7 | |a DINASTIAS |2 CL-VaPUC |9 389767 | |
| 650 | 0 | |a Mapas |9 260844 | |
| 651 | 0 | |a Europa |9 255156 | |
| 583 | |a last modification |c 20070124 00:00:00 |k Rodrigo Vera | ||
| 999 | |c 320416 |d 320414 | ||
| 952 | |0 0 |1 0 |4 0 |6 940_000000000000000_TOR_1827 |7 0 |8 X |9 398931 |a FDOBUD |b FDOBUD |d 2019-11-22 |h v.1 |i 1016482 |o 940 TOR 1827 |p 1016482 |r 2019-11-22 |w 2019-11-22 |y BK_X |k BUD | ||